[Event "Castelldefels-C"]
[Site "Castelldefels"]
[Date "2001.??.??"]
[Round "8"]
[White "Madriga Bonals, Luis"]
[Black "Mari Valerio, Joan Miguel"]
[Result "0-1"]
[WhiteElo "1780"]
[BlackElo "1815"]
[PlyCount "72"]
[EventDate "2001.05.??"]
[EventType "tourn"]
[EventRounds "9"]
[EventCountry "ESP"]
[SourceTitle "EXT 2002"]
[Source "ChessBase"]
[SourceDate "2001.11.25"]
[SourceVersion "1"]
[SourceVersionDate "2001.11.25"]
[SourceQuality "1"]

1. d4 Nf6 2. Nf3 g6 3. c4 Bg7 4. Nc3 d6 5. e3 0-0 6. Be2 Re8 7. 0-0 Nbd7 8. Re1 c6 9. b3 Qc7 10. Bb2 e5 11. dxe5 Nxe5 12. Nxe5 dxe5 13. Qc2 e4 14. Rad1 Bg4 15. h3 Bf5 16. Rd2 Rad8 17. Rxd8 Rxd8 18. Rd1 h5 19. Rxd8+ Qxd8 20. Qd1 Qc7 21. Bf1 Nd7 22. g3 Ne5 23. Bg2 Nd3 24. Bf1 Bxc3 25. Bxc3 Qd7 26. h4 Qe6 27. Qc2 Bh3 28. a3 Bxf1 29. Kxf1 Qg4 30. b4 Qf3 31. Kg1 f6 32. Qd2 g5 33. hxg5 fxg5 34. b5 h4 35. bxc6 h3 36. Kf1 h2 0-1